Highest Point in Each US State - Statistics

General Stats
  • This quiz has been taken 33 times
  • The average score is 13 of 50
Answer Stats
State Elevation(ft) Elevation(m) Highpoint % Correct
Alaska 20,310 6190.5 Denali
96%
Washington 14,417 4394 Mount Rainier
84%
Hawaii 13,803 4207 Mauna Kea
64%
Oregon 11,249 3428.8 Mount Hood
64%
New Hampshire 6,288 1917 Mount Washington
64%
California 14,505 4421 Mount Whitney
64%
Colorado 14,440 4401.2 Mount Elbert
44%
Oklahoma 4,975 1516 Black Mesa
36%
Kentucky 4,145 1263 Black Mountain
36%
Nevada 13,147 4007 Boundary Peak
32%
Montana 12,807 3903.5 Granite Peak
32%
North Carolina 6,684 2037 Mount Mitchell
32%
New Mexico 13,167 4013.3 Wheeler Peak
32%
Tennessee 6,643 2025 Clingmans Dome
28%
New Jersey 1,803 550 High Point
28%
Arizona 12,637 3852 Humphreys Peak
28%
Maine 5,270 1606.4 Mount Katahdin
28%
North Dakota 3,508 1069 White Butte
28%
Idaho 12,668 3861 Borah Peak
24%
Georgia 4,784 1458 Brasstown Bald
24%
Wyoming 13,809 4209.1 Gannett Peak
24%
Utah 13,534 4125 Kings Peak
24%
New York 5,343 1628.57 Mount Marcy
24%
Kansas 4,041 1232 Mount Sunflower
24%
South Dakota 7,244 2208 Black Elk Peak
20%
Florida 345 105 Britton Hill
20%
Massachusetts 3,489 1063 Mount Greylock
20%
Arkansas 2,753 839 Mount Magazine
20%
Vermont 4,395 1340 Mount Mansfield
20%
Connecticut* 2,379 725 Slope of {Mount Frissel}
20%
Alabama 2,413 736 Cheaha Mountain
16%
Louisiana 535 163 Driskill Mountain
16%
Minnesota 2,302 701 Eagle Mountain
16%
Texas 8,751 2667 Guadelupe Peak
16%
Indiana 1,257 383 Hoosier Hill
16%
Virginia 5,729 1746 Mount Rogers
16%
West Virginia 4,863 1482.1 Spruce Knob
16%
Missouri 1,772 540 Taum Sauk Mountain
16%
Mississippi 807 246 Woodall Mountain
16%
Illinois 1,235 376 Charles Mound
12%
Delaware 447 136 Ebright Azimuth
12%
Rhode Island 811 247 Jerimoth Hill
12%
Pennsylvania 3,213 979 Mount Davis
12%
Nebraska 5,427 1654 Panorama Point
12%
South Carolina 3,560 1085 Sassafras Mountain
12%
Wisconsin 1,951 595 Timms Hill
12%
Ohio 1,549 472 Campbell Hill
8%
Iowa 1,671 509 Hawkeye Point
8%
Maryland 3,360 1024 Hoye-Crest
4%
Michigan 1,979 603 Mount Avron
4%
No matching quizzes found
Score Distribution
Percent of People with Each Score
Percentile by Number Answered
Your Score History
You have not taken this quiz